000 00609nam a22001937a 4500
999 _c162850
_d162850
005 20190330142739.0
010 _aENG-124950
020 _a9798183820331
_c275.00
035 _aEN-108482
037 _bDBAD/PUB
082 _a613.7046
100 _aKrishan Kumar Suman
245 _aYoga therapy /
_cby krishan kumar Suman [and] V.K. Ahluwalia
260 _aNew Delhi
_bLotus Press
_c2017
270 _a4735/22, Prakash Deep Building, Ansari Road, Darya Ganj,
_bNew Delhi
_e110002
300 _a243p.:
_c22cm.(pbk)
_bill.
700 _aAhluwalia, V.K.
942 _2ddc
_cEN
_mKRI
_h613.7046